| 000 | 01452nam a22001937a 4500 | ||
|---|---|---|---|
| 999 |
_c61407 _d61407 |
||
| 005 | 20240307115253.0 | ||
| 008 | 240307s1983 ru ||||| |||| 00| 0 geo d | ||
| 041 | _arus | ||
| 080 | _a902.2(479.22) K-12 | ||
| 100 |
_aКавтарадзе, Г. _921360 |
||
| 245 |
_aК хронологии эпохи энеолита и бронзы Грузии / _cГеоргий Кавтарадзе; Академия Наук Грузинской ССР. Археологическая комиссия ; Институт истории, археологии и этнографии им. И.А. Джавахишвили. Центр археологических исследований. |
||
| 264 |
_aТбилиси : _bМецниереба, _c1983. |
||
| 300 |
_a153 с. ; _b20 см. |
||
| 521 | _aბიბლიოგრაფია ტექსტის შენიშვნებში. | ||
| 653 | _aარქეოლოგიური ძეგლები -- საქართველო. | ||
| 653 | _aენეოლითისა და ბრონზის ხანა -- საქართველო | ||
| 710 |
_aАкадемия Наук Грузинской ССР. _dАрхеологическая комиссия. Институт истории, археологии и этнографии им. И.А. Джавахишвили. Центр археологических исследований. _921361 |
||
| 942 |
_2udc _cBK |
||